000 00513nam a2200181 a 4500
005 20240911064014.0
008 991125s1991 mx 000 0 spa u
020 _a9681839447
035 _aUPN01000005852
049 _aCG
050 4 _aQH308.5
_bA5.2
100 1 _aAlcocer Cuarón, Carlos
245 1 0 _aBiología teórica :
_bun ensayo sobre el fenómeno biológico /
_cCarlos Alcocer Cuarón.
260 _aMéxico :
_bLimusa :
_bUAQ,
_c1991.
300 _a119 p.
650 2 _aBiología
_94222
905 _aLibro
999 _c5852
_d5852